1116 1452 1707 1432 1044 1066 1340 1518 1851 1136 1730 1684 1768 1553 1482 1190 1819 1266 1890 1451 1768 1889 1387 1602 1973 1564 1426 1623 1803 1316 1905 1885 1149 1249 1849 1974 1217 1725 1269 1842 1065 1945 1654 1685 1744 1742 1507 1371 1777 1695 1321 1242 1531 1143 1294 1042 1390 1852 1554 1500 1537 1946 1869 1700 1938 1271 1063 1798 1480 1396 1926 1133 1425 1358 1521 1277 1099 1101 1540 1613 1196 1737 1397 1856 1475 1650 1690 1716 1769 1094 1932 1347 1595 2000 1249 1612 1496 1706 1883 BCNSPRNW ULIB Ver.6.0+V

เปลี่ยนเป็นภาษาไทย

Change to English
 แสดงรายละเอียดบรรณานุกรม
  กลับหน้าหลัก

Brief Record : Get Marc (ISO 2709) : E-mail record : QR code < ปิดหน้าต่าง
LEADER : 00000nam 2200000uu 4500
001    13399122140
003     ULIB
008    130104s2555||||th 000 0 tha d
020    ^a9786169042938
060 04 ^aWG102^bพ523ส
100 0  ^aพัชรินทร์ เทพอารีนันท์
245 10 ^aสรีรวิทยาระบบหัวใจและหลอดเลือด /^cพัชรินทร์ เทพอารีนันท์
250    ^aพิมพ์ครั้งที่ 1
260    ^aกรุงเทพฯ :^bจุฬาลงกรณ์มหาวิทยาลัย,^c2555
300    ^a185 หน้า :^bภาพประกอบ ;^c26 ซม
650  4 ^aหัวใจร่วมหลอดเลือด, ระบบ^xสรีรวิทยา
650  4 ^aระบบหัวใจและหลอดเลือด^xสรีรวิทยา
945    ^p200^l0^i19576
945    ^p200^l0^i19600
945    ^p200^l0^i19601
945    ^p200^l0^i19608
945    ^p200^l0^i19609
945    ^p200^l0^i19651
945    ^p200^l0^i19972
995    ^aกัณชพร
999    ^aใช้งานได้ทุกระบบ
รายการนี้ยังไม่มีแท็ก
คุณยังไม่ได้ล็อกอิน คุณสามารถมีกิจกรรมร่วมกับเว็บไซต์ได้ แต่ต้องล็อกอินก่อน ::
  ล็อกอิน

รายการสื่อสารสนเทศ

ลำดับที่ ประเภท เลขเรียก/บาร์โค้ด สถานที่ สถานะ
1. วิทยาศาสตร์การแพทย์ และสุขภาพ
วิทยาศาสตร์การแพทย์ และสุขภาพ
สถานะ=หนังสือเก่า
WG102 พ523ส ฉ.1 
  Barcode: 19576
ห้องสมุดวิทยาเขตนครสวรรค์
►ส่วนจัดเก็บหนังสือเก่า นว.
บนชั้น
  ขอยืม
2. วิทยาศาสตร์การแพทย์ และสุขภาพ
วิทยาศาสตร์การแพทย์ และสุขภาพ
สถานะ=หนังสือเก่า
WG102 พ523ส ฉ.2 
  Barcode: 19600
ห้องสมุดวิทยาเขตนครสวรรค์
►ส่วนจัดเก็บหนังสือเก่า นว.
บนชั้น
  ขอยืม
3. วิทยาศาสตร์การแพทย์ และสุขภาพ
วิทยาศาสตร์การแพทย์ และสุขภาพ
สถานะ=หนังสือเก่า
WG102 พ523ส ฉ.3 
  Barcode: 19601
ห้องสมุดวิทยาเขตนครสวรรค์
►ส่วนจัดเก็บหนังสือเก่า นว.
บนชั้น
  ขอยืม
4. วิทยาศาสตร์การแพทย์ และสุขภาพ
วิทยาศาสตร์การแพทย์ และสุขภาพ
สถานะ=หนังสือเก่า
WG102 พ523ส ฉ.4 
  Barcode: 19608
ห้องสมุดวิทยาเขตนครสวรรค์
►ส่วนจัดเก็บหนังสือเก่า นว.
บนชั้น
  ขอยืม
5. วิทยาศาสตร์การแพทย์ และสุขภาพ
วิทยาศาสตร์การแพทย์ และสุขภาพ
สถานะ=หนังสือเก่า
WG102 พ523ส ฉ.5 
  Barcode: 19609
ห้องสมุดวิทยาเขตนครสวรรค์
►ส่วนจัดเก็บหนังสือเก่า นว.
บนชั้น
  ขอยืม
6. วิทยาศาสตร์การแพทย์ และสุขภาพ
วิทยาศาสตร์การแพทย์ และสุขภาพ
สถานะ=หนังสือเก่า
WG102 พ523ส ฉ.6 
  Barcode: 19651
ห้องสมุดวิทยาเขตนครสวรรค์
►ส่วนจัดเก็บหนังสือเก่า นว.
บนชั้น
  ขอยืม
7. วิทยาศาสตร์การแพทย์ และสุขภาพ
วิทยาศาสตร์การแพทย์ และสุขภาพ
สถานะ=หนังสือเก่า
WG102 พ523ส ฉ.7 
  Barcode: 19972
ห้องสมุดวิทยาเขตนครสวรรค์
►ส่วนจัดเก็บหนังสือเก่า นว.
บนชั้น
  ขอยืม

รายการใกล้เคียง
    ผู้แต่ง [พัชรินทร์ เทพอารีนันท์]

BibComment


ยังไม่เคยถูกคอมเมนท์

คอมเมนท์ทรัพยากรรายการนี้
  คอมเมนท์: สรีรวิทยาระบบหัว..


 Copyright 2026. Bcnsprnw @Library